000 00400nam a2200133 4500
005 20260330092312.0
008 260330b |||||||| |||| 00| 0 eng d
020 _a978-93-90780-66-2
100 _aKashyap Ramesh Chandra
245 _aBasic Stochastic Processes
_c/Ramesh Chandra Kashyap
260 _aNew Delhi, India;
_bRandom Publications;
_c2022
300 _aviii,315p.ill;
_c24cm
942 _2lcc
_n0
_cBK
999 _c210
_d210